| 000 | 00910nam a2200229 i 4500 | ||
|---|---|---|---|
| 001 | 69047 | ||
| 003 | ES-MaACL | ||
| 005 | 20250813062714.0 | ||
| 007 | t| | ||
| 008 | 040906m19871988sp ||||1| spa d | ||
| 080 | _a821.133.1-39"12" | ||
| 130 | 0 |
_aLacelot du Lac. _9122441 |
|
| 245 | 1 | 0 |
_aHistoria de Lanzarote del Lago / _cintroducción de Carlos Alvar ; traducción de Carlos Alvar. |
| 260 |
_aMadrid : _bAlianza Editorial, _c1987-1988. |
||
| 300 |
_a7 v. ; _c20 cm. |
||
| 490 | 1 |
_aAlianza tres ; _v195-196, 213-214, 221, 223, 226 |
|
| 505 | 8 | _a1. La Reina del Gran Sufrimiento -- 2. El libro de Galahot -- 3. El valle sin retorno -- 4. El libro de Meleagant -- 5. El libro de Agravín -- 6. El bosque perdido -- 7. La locura de Lanzarote | |
| 700 | 1 |
_aAlvar, Carlos. _920579 |
|
| 830 | 0 | 0 |
_aAlianza tres _v195-196, 213-214, 221, 223, 226 _9177344 |
| 852 |
_aES-MaACL _jP-573 |
||
| 999 |
_c69047 _d69047 |
||